000 005620000a22001930004500
003 LK-CoMWRAF
005 20231121115055.0
008 230817t ||||| |||| 00| 0 eng d
040 _aLK-CoMWRAF
_dLK-CoMWRAF
_eLK-CoMWRAF
041 _aeng
082 _a820.0993
_bGOO
100 _aGooneratne, M.Y.
245 _aEnglish Literature in Ceylon 1815-1878 :
_bThe Ceylon historical journal
260 _aSri Lanka :
_bTisara prakasakayo,
_c1968
300 _a234p
490 _aVolume Fourteen
650 _aEnglish literature in Ceylon 1815-1878
942 _cBK
999 _c1122
_d1122